000 00531nam a2200193Ia 4500
008 240729s9999 xx 000 0 und d
022 _a2537-0162
245 0 _aARCHive-SR
260 _aEgypt
260 _bIEREK Press
650 _a Architecture | Social Sciences
650 _a City planning
650 _a Communities. Classes. Races
650 _a Urban groups. The city. Urban sociology
650 _aFine Arts
856 _uhttps://doaj.org/toc/cb5b82ed4e9d4894bd2a2706e2396010
942 _2ddc
942 _cDOAJEJ
999 _c67020
_d67020
945 _a1
_bMadushi Gamage
_c1
_dMadushi Gamage